Mundo global y desafío intercultural / (Record no. 197144)

MARC details
000 -CABECERA
campo de control de longitud fija 00692nam a2200229 u 4500
005 - FECHA Y HORA DE LA ÚLTIMA TRANSACCIÓN
campo de control 20240914063729.0
008 - ELEMENTOS DE LONGITUD FIJA--INFORMACIÓN GENERAL
campo de control de longitud fija 180529s2007 r 000 0 eng d
020 ## - NÚMERO INTERNACIONAL NORMALIZADO PARA LIBROS
Número Internacional Estándar del Libro 9789706417763
035 ## - NÚMERO DE CONTROL DEL SISTEMA
Número de control de sistema UPN01000225048
049 ## - COLECCIÓN
Colección CG
050 #4 - SIGNATURA TOPOGRÁFICA DE LA BIBLIOTECA DEL CONGRESO
Número de clasificación HM1271
Número de documento/Ítem D5.5
100 1# - ASIENTO PRINCIPAL--NOMBRE PERSONAL
Nombre de persona Díaz Hernández, Carlos,
Fechas asociadas al nombre 1944-
9 (RLIN) 40159
245 10 - MENCIÓN DE TÍTULO
Título Mundo global y desafío intercultural /
Mención de responsabilidad, etc. Carlos Díaz.
260 ## - PUBLICACIÓN, DISTRIBUCIÓN, ETC.
Lugar de publicación, distribución, etc. México :
Nombre del editor, distribuidor, etc. Progreso,
Fecha de publicación, distribución, etc. 2007.
300 ## - DESCRIPCIÓN FÍSICA
Extensión 199 p.
440 #0 - MENCIÓN DE SERIE/ASIENTO SECUNDARIO--TÍTULO
Título Educar con valores y virtudes
650 #4 - ASIENTO SECUNDARIO DE MATERIA - TERMINO TEMATICO
Término de materia o nombre geográfico como elemento de entrada Multiculturalismo
9 (RLIN) 5798
650 #2 - ASIENTO SECUNDARIO DE MATERIA - TERMINO TEMATICO
Término de materia o nombre geográfico como elemento de entrada Globalización
Subdivisión general Aspectos sociales
9 (RLIN) 12860
650 #0 - ASIENTO SECUNDARIO DE MATERIA - TERMINO TEMATICO
Término de materia o nombre geográfico como elemento de entrada Globalización
Subdivisión general Aspectos económicos
9 (RLIN) 4135
905 ## - TIPO DE MATERIAL
Tipo de material Libro
Holdings
Estado de retiro Estado de pérdida Fuente del sistema de clasificación o colocación Estado dañado No para préstamo Código de colección Localización permanente Ubicación/localización actual Ubicación en estantería Fecha de adquisición Total de préstamos Clasificación Código de barras Fecha visto por última vez Fecha del último préstamo Número de copia Tipo de ítem Koha
    Library of Congress Classification     Colección General Bib. Gregorio Torres Quintero Bib. Gregorio Torres Quintero Planta baja 14/09/2022 1 HM1271 D5.5 324427 28/09/2022 14/09/2022 1 Libro